=LDR 00000nam 2200000 4500 =001 INLIS000000000008723 =005 20130612100546 =008 ***********************************Ind** =035 ##$$0010-061300000008723 =041 ##$$a Ind =082 ##$$a 330.09 =090 ##$$a 330.09, Eko e =245 ##$$a Ekonomi 2 KlasII =260 ##$$a 2001 $b semarang =300 ##$$a VII,135 hlm, Ilus, 30 cm =650 ##$$a Ekonomi-Studi dan Pengajaran =850 ##$$a NBPNMAT =990 ##$$a 91372/BPAP-NTB/2014 =990 ##$$a 0001/BPAP-NTB/2015